"No" Idioms - Statistics

General Stats
  • This quiz has been taken 119 times
  • The average score is 19 of 24
Answer Stats
"No" Idioms % Correct
No use {crying} over spilled milk
99%
There's no {place} like home
99%
No pain, no {gain}
95%
Live like there's no {tomorrow}
94%
All bark, no {bite}
92%
Dead men tell no {tales}
91%
No ifs, ands, or {buts} about it
90%
No {news} is good news
90%
Leave no stone {unturned}
86%
In no {way}, shape or form
82%
No skin off one's {teeth}
82%
All work and no {play}
80%
There's no {smoke} without fire
78%
All brawn and no {brain}
75%
A rolling stone gathers no {moss}
73%
Close, but no {cigar}
72%
No guts, no {glory}
68%
All talk and no {action}
67%
Hell has no {fury} like a lover scorned
67%
No good deed goes {unpunished}
61%
He's no {spring} chicken
58%
No man is an {island}
56%
Ignorance of the law is no {excuse}
55%
Money is no {object}
48%
No matching quizzes found
Score Distribution
Percent of People with Each Score
Percentile by Number Answered
Your Score History
You have not taken this quiz